000 00610nam a2200181Ia 4500
003 GCL
008 140319s9999 xx 000 0 ara d
040 _aGCL /
_cGCL
082 0 4 _aم
_b327.03
_bم م
100 1 _aمصطفى عبدالله خشيم
245 1 0 _aموسوعة علم العلاقات الدولية /
_cمصطفى عبدالله خشيم
300 _a384 ص
650 0 4 _aالعلاقات الدولية
650 0 4 _aالعلاقات الخارجية
650 0 4 _aالعلاقات الدولية، علم
650 0 4 _aليبيا - العلاقات الخارجية
942 _2ddc
_cREF
999 _c59673
_d59673